The Romance of Revenge: Capital Punishment in America

On February 17, 1992, Jeffrey Dahmer was sentenced to 15 consecutive terms of life imprisonment for killing and dismembering 15 young men and boys (Associated Press 1992a). Dahmer had been arrested six months earlier, on July 22, 1991. On January 13 he pled guilty to the fifteen murder counts agains...

Descripción completa

Guardado en:  
Detalles Bibliográficos
Autor principal: Gross, Samuel R. (Autor)
Tipo de documento: Electrónico Libro
Lenguaje:Inglés
Publicado: 1993
En:Año: 1993
Acceso en línea: Volltext (kostenfrei)
Verificar disponibilidad: HBZ Gateway

MARC

LEADER 00000cam a22000002c 4500
001 1866906453
003 DE-627
005 20250127054856.0
007 cr uuu---uuuuu
008 231021s1993 xx |||||o 00| ||eng c
035 |a (DE-627)1866906453 
035 |a (DE-599)KXP1866906453 
040 |a DE-627  |b ger  |c DE-627  |e rda 
041 |a eng 
084 |a 2,1  |2 ssgn 
100 1 |a Gross, Samuel R.  |e VerfasserIn  |4 aut 
245 1 4 |a The Romance of Revenge: Capital Punishment in America 
264 1 |c 1993 
336 |a Text  |b txt  |2 rdacontent 
337 |a Computermedien  |b c  |2 rdamedia 
338 |a Online-Ressource  |b cr  |2 rdacarrier 
520 |a On February 17, 1992, Jeffrey Dahmer was sentenced to 15 consecutive terms of life imprisonment for killing and dismembering 15 young men and boys (Associated Press 1992a). Dahmer had been arrested six months earlier, on July 22, 1991. On January 13 he pled guilty to the fifteen murder counts against him, leaving open only the issue of his sanity. Jury selection began two weeks later, and the trial proper started on January 30. The jury heard two weeks of testimony about murder, mutilation and necrophilia; they deliberated for 5 hours before finding that Dahmer was sane when he committed these crimes. After the verdict, a minister who had counselled members of the victims' families said I think this will be the beginning of a healing (Worthington 1992). At his sentencing two days later, Dahmer said I take all the blame for what I did .... Your honor, it is over now. This has never been a case of trying to get free. I never wanted freedom (Associated Press 1992b ). His lawyer told the press that no appeal was planned (Associated Press 1992a) 
856 4 0 |u https://core.ac.uk/download/232687380.pdf  |x Verlag  |z kostenfrei  |3 Volltext  |7 0 
935 |a mkri 
951 |a BO 
ELC |a 1 
LOK |0 000 xxxxxcx a22 zn 4500 
LOK |0 001 4394716519 
LOK |0 003 DE-627 
LOK |0 004 1866906453 
LOK |0 005 20231021043617 
LOK |0 008 231021||||||||||||||||ger||||||| 
LOK |0 035   |a (DE-2619)CORE69320877 
LOK |0 040   |a DE-2619  |c DE-627  |d DE-2619 
LOK |0 092   |o n 
LOK |0 852   |a DE-2619 
LOK |0 852 1  |9 00 
LOK |0 935   |a core 
LOK |0 939   |a 21-10-23  |b l01 
OAS |a 1 
ORI |a SA-MARC-krimdoka001.raw